Jinxed! / (Record no. 239)

MARC details
000 -LEADER
fixed length control field 01098nam a22003257a 4500
001 - CONTROL NUMBER
control field 239
003 - CONTROL NUMBER IDENTIFIER
control field FISKH
005 - DATE AND TIME OF LATEST TRANSACTION
control field 20241105095906.0
008 - FIXED-LENGTH DATA ELEMENTS--GENERAL INFORMATION
fixed length control field 230309b cb ||||| |||| 00| 0 eng d
020 ## - INTERNATIONAL STANDARD BOOK NUMBER
International Standard Book Number 9780545550895
040 ## - CATALOGING SOURCE
Original cataloging agency DLC
Transcribing agency DLC
Modifying agency DLC
-- FISKH
Language of cataloging eng
042 ## - AUTHENTICATION CODE
Authentication code lcac
-- pcc
050 00 - LIBRARY OF CONGRESS CALL NUMBER
Classification number PZ7.S27912
Item number Jin 2012
082 00 - DEWEY DECIMAL CLASSIFICATION NUMBER
Edition number 23
100 1# - MAIN ENTRY--PERSONAL NAME
Personal name Scaletta, Kurtis.
245 10 - TITLE STATEMENT
Title Jinxed! /
Statement of responsibility, etc. by Kurtis Scaletta ; illustrated by Eric Wight.
260 ## - PUBLICATION, DISTRIBUTION, ETC.
Place of publication, distribution, etc. New York
Name of publisher, distributor, etc. Scholastic
Date of publication, distribution, etc. 2013
300 ## - PHYSICAL DESCRIPTION
Extent 105 p. :
Other physical details ill. ;
Dimensions 20 cm.
490 0# - SERIES STATEMENT
Series statement A Topps league story ;
Volume/sequential designation bk. 1
505 ## - FORMATTED CONTENTS NOTE
Formatted contents note K
520 ## - SUMMARY, ETC.
Summary, etc. Chad is thrilled to be a batboy for the Pine City Porcupines, even though the team is not doing well, his fellow batboy is less than thrilled about the job, and his favorite player seems to be jinxed.
521 8# - TARGET AUDIENCE NOTE
Target audience note 550 <br/>
Source Lexile
521 8# - TARGET AUDIENCE NOTE
Target audience note K <br/><br/>
Source Raz-Plus
650 #1 - SUBJECT ADDED ENTRY--TOPICAL TERM
Topical term or geographic name entry element Baseball
Form subdivision Fiction.
650 #1 - SUBJECT ADDED ENTRY--TOPICAL TERM
Topical term or geographic name entry element Bat boys
Form subdivision Fiction.
650 #1 - SUBJECT ADDED ENTRY--TOPICAL TERM
Topical term or geographic name entry element Baseball cards
Form subdivision Fiction.
700 1# - ADDED ENTRY--PERSONAL NAME
Personal name Wight, Eric,
Dates associated with a name 1974-
Relator term ill.
906 ## - LOCAL DATA ELEMENT F, LDF (RLIN)
a 7
b cbc
c orignew
d 1
e ecip
f 20
g y-gencatlg
942 ## - ADDED ENTRY ELEMENTS (KOHA)
Source of classification or shelving scheme Dewey Decimal Classification
Koha item type Books
Suppress in OPAC No
Holdings
Withdrawn status Lost status Source of classification or shelving scheme Damaged status Not for loan Collection Home library Current library Shelving location Date acquired Total Checkouts Full call number Barcode Date due Date last seen Date last checked out Copy number Price effective from Koha item type
    Dewey Decimal Classification     Juvenile Fiction Footprints International School Library Network Toul Kork Campus Footprints International School Library Network Toul Kork Campus TK Primary Library Room(4th Floor), Bookcase 3&4, Shelves 17-32, Yellow Books 03/09/2023 1 SCA 813.6 PZ7.S27912 FISTK00713 04/14/2026 03/31/2026 03/31/2026 1 03/09/2023 Books
    Dewey Decimal Classification     Juvenile Fiction Footprints International School Library Network Toul Kork Campus Footprints International School Library Network Toul Kork Campus TTP Primary Yellow Bookshelves 03/09/2023   SCA 813.6 PZ7.S27912 FISSE05191   11/05/2024   2 03/09/2023 Books